01706nam a2200349 a 4500001001200000003000800012006001900020007001500039008004100054010001700095020003000112020002700142040002100169035002100190043001200211050002500223082001800248245014200266260005600408300003000464490003800494504005100532505032200583533015200905650004001057655002901097700002201126710001701148830004601165856012601211999001901337ebr10680838CaPaEBRm u cr cn|||||||||100714s2011 nyuad sb 001 0 eng d z 2010029833 z9781608760633 (softcover) z9781617611544 (e-book) aCaPaEBRcCaPaEBR a(OCoLC)847621246 an-us---14aRA781b.P5645 2011eb04a613.7097322200aPhysical activity guidelines for Americans and a review of scientific literature usedh[electronic resource] /cHailey A. Cowell, editor. aHauppauge, N.Y. :bNova Science Publishers,cc2011. aviii, 105 p. :bcol. ill.1 aPublic health in the 21st century aIncludes bibliographical references and index.0 aIntroducing the 2008 physical activity guidelines for Americans -- Physical activity has many health benefits -- Active children and adolescents -- Active adults -- Active older adults -- Safe and active -- Additional considerations for some adults -- Taking action : increasing physical activity levels of Americans. aElectronic reproduction.bPalo Alto, Calif. :cebrary,d2013.nAvailable via World Wide Web.nAccess may be limited to ebrary affiliated libraries. 0aExercisexStandardszUnited States. 7aElectronic books.2local1 aCowell, Hailey A.2 aebrary, Inc. 0aPublic health in the 21st century series.40uhttp://site.ebrary.com/lib/rucke/Doc?id=10680838zAn electronic book accessible through the World Wide Web; click to view c156411d156411